000 02499nam a22004094i 4500
001 991061742706306706
003 ES-BaIT
005 20260413103016.0
008 260326e202602 spc |||| 0 spa||
017 _aDL B 244-2026
_bBiblioteca de Catalunya
020 _a9788491998358
035 _ab21360704
040 _aES-BaIT
_bcat
_erda
_cES-BaIT
041 1 _aspa
_heng
080 _a929Shakespeare, William
100 _aGreenblatt, Stephen,
_d1943-
_eautor
_9134478
240 1 _aWill in the world.
_lCastellà
_9169231
245 1 3 _aEl Espejo de un hombre :
_bvida, obra y época de William Shakespeare /
_cStephen Greenblatt ; traducción de Teófilo de Lozoya y Juan Rabasseda.
250 _aPrimera edición
264 1 _aBarcelona :
_bCrítica,
_cfebrero de 2026
300 _a464 pàgines, 8 pàgines de làmines no numerades :
_bil·lustracions,
_c24 cm
336 _atext
_btxt
_2rdacontent.
337 _asense mediació
_bn
_2rdamedia.
338 _avolum
_bnc
_2rdacarrier.
490 1 _aSerie mayor
520 _a" Durante varios siglos, William Shakespeare ha sido reconocido como uno de los autores más influyentes de todos los tiempos. Su capacidad para explorar los deseos y miedos más profundos del ser humano, la complejidad de los personajes y la fuerza de los relatos han transformado para siempre la literatura universal. Sin embargo, la figura del hombre que escribió esas obras continúa siendo un enigma. Pocas certezas se conservan sobre su vida y los mitos que lo rodean no han hecho más que aumentar la incógnita.En este libro, Stephen Greenblatt ofrece una interpretación que nace tanto de los mismos textos de Shakespeare como de sus contemporáneos. Más allá de una biografía al uso, estamos delante de una investigación brillante sobre el proceso creativo del autor y, al mismo tiempo, una inmersión fascinante en la Inglaterra isabelina, el escenario que presenció la consagración de un genio." -- Contracoberta
600 1 7 _aShakespeare, William,
_d1564-1616
_xCrítica i interpretació
_955834
650 0 _aDramaturgs anglesos
_y1500-1700, Anglès modern primitiu
_vBiografia
_967819
650 0 _aTeatre
_zAnglaterra
_xHistòria
_yS. XVI
_968447
651 0 _aAnglaterra
_xVida intel·lectual
_yS. XVI
_9134479
700 1 _aLozoya, Teófilo de
_etraductor
_9169232
700 1 _aRabasseda-Gascón, Juan
_etraductor
_9169233
830 _aSerie mayor (Crítica (Firma))
_9169234
908 _aCDMAE
940 _aCDMAE
942 _2udc
_c1
999 _c137360
_d137360